[Event "Wch Blitz (Women)"]
[Site "Samarkand"]
[Date "2023.12.30"]
[Round "13"]
[White "Getman, Tatyana"]
[Black "Balabayeva, Kseniya"]
[Result "0-1"]
[WhiteElo "2188"]
[BlackElo "2244"]
[PlyCount "100"]
[EventDate "2023.12.29"]
[EventType "swiss (blitz)"]
[EventRounds "17"]
[EventCountry "UZB"]
[SourceTitle "CB01_2024"]
[SourceDate "2024.01.03"]
[SourceVersion "1"]
[SourceVersionDate "2024.01.03"]
[SourceQuality "1"]

1. d4 d5 2. c4 e6 3. Nc3 Nf6 4. cxd5 exd5 5. Bg5 Be7 6. e3 c6 7. Bd3 Nbd7 8. Qc2 Nh5 9. Bxe7 Qxe7 10. 0-0-0 Nb6 11. Nf3 g6 12. Kb1 Be6 13. Rc1 Ng7 14. Rhe1 0-0 15. h3 Nf5 16. g4 Nd6 17. Ne5 f6 18. Nf3 Rae8 19. Rg1 Nd7 20. h4 f5 21. g5 f4 22. Ne5 fxe3 23. fxe3 Nxe5 24. dxe5 Nf5 25. e4 Nd4 26. Qa4 Nf3 27. Rgd1 b5 28. Qa6 Nxe5 29. Bc2 Bc8 30. Qa5 Nc4 31. Nxd5 Nxa5 32. Nxe7+ Rxe7 33. Rd6 Re6 34. Rd4 Rfe8 35. b3 Kg7 36. Rcd1 R6e7 37. Rd6 Bg4 38. R1d2 Bf3 39. h5 gxh5 40. e5 Rxe5 41. Rh6 Be4 42. Rd7+ R8e7 43. Rxe7+ Rxe7 44. Rxh5 Bxc2+ 45. Kxc2 Kg6 46. Rh6+ Kxg5 47. Rh2 h5 48. Kc3 c5 49. a4 Re3+ 50. Kc2 Rxb3 0-1

[Event "Wch Blitz (Women)"]
[Site "Samarkand"]
[Date "2023.12.30"]
[Round "15"]
[White "Getman, Tatyana"]
[Black "Yan, Tianqi"]
[Result "1/2-1/2"]
[WhiteElo "2188"]
[BlackElo "2302"]
[PlyCount "136"]
[EventDate "2023.12.29"]
[EventType "swiss (blitz)"]
[EventRounds "17"]
[EventCountry "UZB"]
[SourceTitle "CB01_2024"]
[SourceDate "2024.01.03"]
[SourceVersion "1"]
[SourceVersionDate "2024.01.03"]
[SourceQuality "1"]

1. d4 Nf6 2. c4 e6 3. Nc3 Bb4 4. Qc2 d6 5. g3 0-0 6. Bg2 c5 7. dxc5 Bxc5 8. e3 Nc6 9. Nge2 Bd7 10. 0-0 Nb4 11. Qd1 Bc6 12. e4 a5 13. a3 Na6 14. Bf4 Qe7 15. Qc2 h6 16. Rad1 Nc7 17. Na4 e5 18. Bc1 Ba7 19. Nac3 b5 20. Nd5 Bxd5 21. cxd5 Na6 22. Bd2 Rfc8 23. Qb1 b4 24. Rc1 Rxc1 25. Rxc1 Rb8 26. a4 Nc5 27. b3 Qb7 28. Rc4 Qa6 29. Nc1 Nxa4 30. Rc6 Nb6 31. Rxd6 Rc8 32. Bh3 Rc7 33. Bf1 Qc8 34. Nd3 Nxe4 35. Rc6 Rxc6 36. dxc6 Qxc6 37. Be3 Nc3 38. Qe1 e4 39. Nf4 Bb8 40. Qd2 Nbd5 41. Nxd5 Qxd5 42. Qxd5 Nxd5 43. Bc5 Be5 44. Bc4 Nc3 45. Bb6 a4 46. bxa4 Nxa4 47. Be3 Kf8 48. Kf1 Bd6 49. Ke2 f5 50. Kd2 g5 51. Bd4 f4 52. gxf4 Bxf4+ 53. Kc2 Bd6 54. Kb3 Nc5+ 55. Bxc5 Bxc5 56. Bd5 Bxf2 57. Bxe4 Bc5 58. h3 Kg7 59. Kc4 Bd6 60. Kd5 Be7 61. Bc2 Kf6 62. Ke4 Ke6 63. Bb3+ Kd6 64. Kf5 Kc5 65. Kg6 Kd4 66. Kxh6 Kc3 67. Bf7 b3 68. Bg6 b2 1/2-1/2

[Event "Wch Blitz (Women)"]
[Site "Samarkand"]
[Date "2023.12.29"]
[Round "2"]
[White "Getman, Tatyana"]
[Black "Kovanova, Baira"]
[Result "0-1"]
[WhiteElo "2188"]
[BlackElo "2337"]
[PlyCount "100"]
[EventDate "2023.12.29"]
[EventType "swiss (blitz)"]
[EventRounds "17"]
[EventCountry "UZB"]
[SourceTitle "CB01_2024"]
[SourceDate "2024.01.03"]
[SourceVersion "1"]
[SourceVersionDate "2024.01.03"]
[SourceQuality "1"]

1. d4 Nf6 2. c4 e6 3. Nc3 d5 4. cxd5 exd5 5. Bg5 c6 6. e3 h6 7. Bh4 Be7 8. Bd3 0-0 9. Qc2 Re8 10. Nge2 Nbd7 11. 0-0 Nf8 12. Rab1 a5 13. Rbe1 Ne6 14. f3 b5 15. Bf2 Bd7 16. Ng3 Rc8 17. Qd1 b4 18. Na4 c5 19. Nxc5 Nxc5 20. dxc5 Bxc5 21. Bf5 Be6 22. Qd3 Qb6 23. Bxe6 Rxe6 24. Nf5 Rce8 25. Rd1 Re5 26. Nd4 Nd7 27. Rfe1 Bd6 28. Bg3 Rg5 29. Bxd6 Qxd6 30. Nf5 Qf6 31. Qxd5 Ne5 32. f4 Rxf5 33. fxe5 Rfxe5 34. Qd4 Rxe3 35. Rxe3 Qxd4 36. Rxd4 Rxe3 37. Rd5 Re2 38. Rxa5 Rxb2 39. Rb5 g5 40. h3 Kg7 41. Kh2 Kg6 42. Kg3 h5 43. h4 gxh4+ 44. Kxh4 Rxa2 45. Rxb4 Rxg2 46. Rb6+ f6 47. Rb8 Rg4+ 48. Kh3 Ra4 49. Rg8+ Kf5 50. Kg3 Rg4+ 0-1

[Event "Wch Blitz (Women)"]
[Site "Samarkand"]
[Date "2023.12.29"]
[Round "6"]
[White "Strutinskaya, Galina N"]
[Black "Getman, Tatyana"]
[Result "1/2-1/2"]
[WhiteElo "2178"]
[BlackElo "2188"]
[PlyCount "168"]
[EventDate "2023.12.29"]
[EventType "swiss (blitz)"]
[EventRounds "17"]
[EventCountry "UZB"]
[SourceTitle "CB01_2024"]
[SourceDate "2024.01.03"]
[SourceVersion "1"]
[SourceVersionDate "2024.01.03"]
[SourceQuality "1"]

1. d4 Nf6 2. c4 e6 3. Nc3 Bb4 4. Bd2 0-0 5. Nf3 d5 6. e3 b6 7. a3 Bxc3 8. Bxc3 Ne4 9. Rc1 Nxc3 10. Rxc3 dxc4 11. Bxc4 Bb7 12. Rd3 Qe7 13. 0-0 c5 14. d5 exd5 15. Bxd5 Nc6 16. Qa4 Na5 17. Bxb7 Qxb7 18. Rfd1 Qc6 19. Qh4 Nb7 20. Ne5 Qe6 21. Qe4 Rab8 22. Qd5 Qxd5 23. Rxd5 Rbd8 24. Nc6 Rxd5 25. Rxd5 a6 26. f4 g6 27. Kf2 Kg7 28. g4 Rc8 29. Ne7 Rd8 30. e4 Rxd5 31. Nxd5 b5 32. Nc7 Na5 33. Nxa6 Nc4 34. Nxc5 Nxb2 35. Ke2 Nc4 36. a4 bxa4 37. Nxa4 f6 38. Kd3 Nd6 39. Kd4 Kf7 40. Kd5 Nb5 41. h4 Ke7 42. Kc4 Nd6+ 43. Kd4 Nb5+ 44. Kd5 Nc7+ 45. Kd4 Ne6+ 46. Ke3 Kd6 47. Nc3 Ke7 48. Nd5+ Kf7 49. g5 fxg5 50. hxg5 Kg7 51. Kf3 h6 52. gxh6+ Kxh6 53. Kg4 Kg7 54. Ne3 Kf6 55. Nc4 Nc5 56. Kf3 Kf7 57. e5 Ke6 58. Kg4 Nd3 59. Kg5 Kf7 60. Kg4 Ke6 61. Kg5 Kf7 62. Nd2 Ke6 63. Nf3 Kf7 64. Nd4 Nf2 65. Kh6 Ng4+ 66. Kg5 Nf2 67. e6+ Kg7 68. e7 Ne4+ 69. Kg4 Nd6 70. Nc6 Kf7 71. Kg5 Ne4+ 72. Kh6 Nd6 73. Kg5 Ne4+ 74. Kh6 Nd6 75. Kh7 Ne4 76. Ne5+ Kxe7 77. Kxg6 Ke6 78. Ng4 Ng3 79. Ne3 Ke7 80. Kg5 Kf7 81. Kg4 Ne4 82. Kf3 Nf6 83. Ng4 Nxg4 84. Kxg4 Kf6 1/2-1/2

[Event "Wch Rapid (Women)"]
[Site "Samarkand"]
[Date "2023.12.28"]
[Round "10"]
[White "Getman, Tatyana"]
[Black "Malikova, Marjona"]
[Result "1-0"]
[WhiteElo "2188"]
[BlackElo "2051"]
[PlyCount "62"]
[EventDate "2023.12.26"]
[EventType "swiss (rapid)"]
[EventRounds "11"]
[EventCountry "UZB"]
[SourceTitle "CB01_2024"]
[SourceDate "2024.01.03"]
[SourceVersion "1"]
[SourceVersionDate "2024.01.03"]
[SourceQuality "1"]

1. d4 Nf6 2. c4 e6 3. Nc3 Bb4 4. Qc2 d5 5. cxd5 exd5 6. Bg5 h6 7. Bh4 c6 8. e3 0-0 9. Bd3 Be7 10. Nf3 Nbd7 11. 0-0 Ne8 12. Bg3 Nd6 13. Ne5 Nxe5 14. dxe5 Ne8 15. Rad1 Nc7 16. Qe2 f5 17. exf6 Bxf6 18. Bc2 Be7 19. e4 d4 20. Qc4+ Ne6 21. f4 b5 22. Qxc6 Bd7 23. Qd5 dxc3 24. bxc3 Qb6+ 25. Bf2 Bc5 26. Bb3 Bxf2+ 27. Rxf2 Rad8 28. Qe5 Bc8 29. Rxd8 Rxd8 30. f5 Kh8 31. fxe6 Bxe6 1-0

[Event "Khanty-Mansiysk TOP 28 Rapid GP (Women)"]
[Site "Khanty-Mansiysk"]
[Date "2023.12.03"]
[Round "12"]
[White "Getman, Tatyana"]
[Black "Yurasova, Daria"]
[Result "0-1"]
[WhiteElo "2155"]
[BlackElo "2023"]
[PlyCount "144"]
[EventDate "2023.12.01"]
[EventType "tourn (rapid)"]
[EventRounds "13"]
[EventCountry "RUS"]
[SourceTitle "CB49_2023"]
[SourceDate "2023.12.06"]
[SourceVersion "1"]
[SourceVersionDate "2023.12.06"]
[SourceQuality "1"]

1. d4 d5 2. c4 c6 3. Nf3 Nf6 4. Nc3 dxc4 5. a4 Bf5 6. Ne5 Nbd7 7. Nxc4 Nb6 8. Ne5 e6 9. a5 Nbd5 10. a6 Qc7 11. f3 Bb4 12. Bd2 Nb6 13. e4 Bg6 14. Bf4 Bd6 15. axb7 Rb8 16. Rc1 0-0 17. Nb5 Bb4+ 18. Kf2 Qxb7 19. Nxc6 a6 20. Nxb8 axb5 21. Nc6 Nh5 22. Be3 Bd6 23. Qb3 b4 24. Na5 Qe7 25. g3 Nd7 26. Nc6 Qe8 27. e5 Be7 28. g4 Bh4+ 29. Kg2 f6 30. gxh5 Bxh5 31. Qd3 fxe5 32. Be2 Rf5 33. Rhf1 Bg6 34. Qd1 Rh5 35. Nxe5 Nf6 36. Ng4 Nd5 37. Bd2 Bf5 38. Bc4 Nf6 39. Qe2 h6 40. d5 Qa8 41. Ra1 Qb7 42. Bb3 Nxd5 43. Qa6 Qd7 44. Qa8+ Kh7 45. Ra7 Qb5 46. Bd1 Qd3 47. Bc1 Bg5 48. Bxg5 Rxg5 49. Ra4 Bxg4 50. fxg4 Ne3+ 51. Kf3 Nxf1+ 52. Kf2 Qxd1 53. Qe4+ Rg6 54. Ra6 Nd2 55. Qd3 Qf1+ 56. Qxf1 Rf6+ 57. Ke2 Nxf1 58. h4 Nh2 59. g5 hxg5 60. hxg5 Rg6 61. Rb6 Rxg5 62. Rxb4 Ng4 63. Rb6 Re5+ 64. Kf3 Nf6 65. b4 Kg6 66. Rb8 Kf5 67. b5 g5 68. b6 Rb5 69. b7 e5 70. Ke3 g4 71. Kd3 g3 72. Kc4 Rb1 0-1

[Event "Khanty-Mansiysk TOP 28 Rapid GP (Women)"]
[Site "Khanty-Mansiysk"]
[Date "2023.12.02"]
[Round "7"]
[White "Alekseenko, Mariya"]
[Black "Getman, Tatyana"]
[Result "1/2-1/2"]
[WhiteElo "1957"]
[BlackElo "2155"]
[PlyCount "67"]
[EventDate "2023.12.01"]
[EventType "tourn (rapid)"]
[EventRounds "13"]
[EventCountry "RUS"]
[SourceTitle "CB49_2023"]
[SourceDate "2023.12.06"]
[SourceVersion "1"]
[SourceVersionDate "2023.12.06"]
[SourceQuality "1"]

1. d4 Nf6 2. c4 e6 3. g3 d5 4. Bg2 dxc4 5. Nf3 a6 6. 0-0 Nc6 7. Nbd2 Nxd4 8. Nxc4 Nxf3+ 9. Bxf3 Qxd1 10. Rxd1 Nd5 11. e4 Nb6 12. Nxb6 cxb6 13. Be3 e5 14. Bxb6 Be7 15. Rac1 0-0 16. Be2 Bg5 17. Rc5 Be6 18. f4 Bd8 19. Bxd8 Rfxd8 20. Rxe5 Kf8 21. b3 Rxd1+ 22. Bxd1 Rd8 23. Bf3 Rd3 24. f5 Bxb3 25. Be2 Rd2 26. Bxa6 bxa6 27. axb3 Re2 28. Ra5 Rxe4 29. Rxa6 Rb4 30. Ra3 h5 31. f6 gxf6 32. Ra5 h4 33. gxh4 Rxb3 34. Kg2 1/2-1/2

[Event "Khanty-Mansiysk TOP 28 Rapid GP (Women)"]
[Site "Khanty-Mansiysk"]
[Date "2023.12.02"]
[Round "8"]
[White "Getman, Tatyana"]
[Black "Ovod, Evgenija"]
[Result "0-1"]
[WhiteElo "2155"]
[BlackElo "2256"]
[PlyCount "102"]
[EventDate "2023.12.01"]
[EventType "tourn (rapid)"]
[EventRounds "13"]
[EventCountry "RUS"]
[SourceTitle "CB49_2023"]
[SourceDate "2023.12.06"]
[SourceVersion "1"]
[SourceVersionDate "2023.12.06"]
[SourceQuality "1"]

1. d4 d5 2. c4 e6 3. Nc3 Nf6 4. cxd5 exd5 5. Bg5 c6 6. e3 h6 7. Bh4 Be7 8. Bd3 0-0 9. Nge2 Re8 10. 0-0 a5 11. Rc1 Na6 12. f3 b5 13. Bf2 Bb7 14. h3 Bf8 15. Ng3 Rc8 16. Re1 Nc7 17. e4 dxe4 18. fxe4 Ne6 19. Bb1 b4 20. Nce2 Ba6 21. Qd2 g6 22. Nf4 Nxf4 23. Qxf4 Bg7 24. Qf3 Bb5 25. e5 Nd5 26. Ne4 Bf8 27. Nf6+ Nxf6 28. exf6 Rxe1+ 29. Rxe1 Bc4 30. h4 Bd5 31. Qf4 h5 32. Qg5 Qd7 33. Bxg6 Qg4 34. Bxh5+ Qxg5 35. hxg5 Bxa2 36. Re5 a4 37. Be1 a3 38. bxa3 bxa3 39. Ra5 Rb8 40. Bg3 Rb1+ 41. Kh2 Bd5 42. Bf3 Kh7 43. Bxd5 cxd5 44. Ra8 Bb4 45. Kh3 Rb2 46. Kg4 Rxg2 47. Kf3 Rd2 48. Be5 Kg6 49. Ra4 a2 50. Bf4 Rc2 51. Ke3 Rc3+ 0-1

[Event "Khanty-Mansiysk Governor Cup 19th"]
[Site "Khanty-Mansiysk"]
[Date "2023.11.24"]
[Round "8"]
[White "Vlasenko, Miroslav"]
[Black "Getman, Tatyana"]
[Result "1-0"]
[WhiteElo "2352"]
[BlackElo "2155"]
[PlyCount "125"]
[EventDate "2023.11.17"]
[EventType "swiss"]
[EventRounds "9"]
[EventCountry "RUS"]
[SourceTitle "CB48_2023"]
[SourceDate "2023.11.29"]
[SourceVersion "1"]
[SourceVersionDate "2023.11.29"]
[SourceQuality "1"]

1. e4 c5 2. Nf3 d6 3. Bc4 Nf6 4. d3 e6 5. 0-0 Be7 6. Bb3 0-0 7. c3 Nc6 8. Bg5 h6 9. Bh4 e5 10. Nbd2 Rb8 11. a4 a6 12. Nc4 b5 13. axb5 axb5 14. Ne3 Ng4 15. Bg3 Nxe3 16. fxe3 Bf6 17. Bd5 Ne7 18. Ba2 Bb7 19. Nh4 Bg5 20. Qf3 d5 21. Rad1 Ra8 22. Bb3 Ra6 23. Qe2 dxe4 24. dxe4 Qc7 25. Nf3 Bf6 26. Bd5 c4 27. Nxe5 Bxe5 28. Bxe5 Qxe5 29. Bxb7 Rd6 30. Rd4 Rb6 31. Bd5 Ng6 32. Rdd1 Qe7 33. Qh5 Kh7 34. Rf5 f6 35. Qh3 Ne5 36. Rh5 Rd8 37. Rf1 Qd7 38. Rhf5 b4 39. Qg3 Qe8 40. h4 bxc3 41. bxc3 Rb3 42. Ra1 Rxc3 43. h5 Rd3 44. Ra7 Rd7 45. Rxe5 fxe5 46. Qg6+ Qxg6 47. hxg6+ Kxg6 48. Rxd7 Rc3 49. Kf2 Rc1 50. Rd6+ Kh7 51. Bf7 g5 52. Rd7 c3 53. Rc7 Kg7 54. g4 Kf6 55. Bb3 Kg6 56. Ke2 Kf6 57. Rc6+ Ke7 58. Kd3 c2 59. Bxc2 Rg1 60. Rxh6 Rxg4 61. Bb3 Rg1 62. Re6+ Kd7 63. Rxe5 1-0

[Event "Khanty-Mansiysk Governor Cup 19th"]
[Site "Khanty-Mansiysk"]
[Date "2023.11.17"]
[Round "1"]
[White "Getman, Tatyana"]
[Black "Demidov, Mikhail"]
[Result "1/2-1/2"]
[WhiteElo "2155"]
[BlackElo "2562"]
[PlyCount "158"]
[EventDate "2023.11.17"]
[EventType "swiss"]
[EventRounds "9"]
[EventCountry "RUS"]
[SourceTitle "CB48_2023"]
[SourceDate "2023.11.29"]
[SourceVersion "1"]
[SourceVersionDate "2023.11.29"]
[SourceQuality "1"]

1. d4 f5 2. Bg5 g6 3. Nc3 Bg7 4. h4 h6 5. Bf4 Nf6 6. e3 d6 7. Bc4 e6 8. Qe2 Qe7 9. 0-0-0 a6 10. a3 Nbd7 11. Nh3 Nb6 12. Bb3 e5 13. dxe5 dxe5 14. Bh2 Bd7 15. e4 fxe4 16. Nxe4 0-0-0 17. Nc3 Rhe8 18. Rhe1 e4 19. f3 Bxh3 20. gxh3 Rxd1+ 21. Qxd1 e3 22. Qd3 Nfd7 23. Ne4 Qxh4 24. Rxe3 Be5 25. Bxe5 Rxe5 26. Kb1 Kb8 27. a4 Qe7 28. Qd4 Nc5 29. Rc3 Nxe4 30. fxe4 Nc8 31. Bd5 c6 32. Bb3 Nd6 33. Rd3 Kc7 34. Rf3 Rxe4 35. Qd2 g5 36. Qa5+ Kb8 37. Qc5 Nc8 38. Qc3 Qe5 39. Qd2 Rd4 40. Qf2 Rf4 41. Qg3 Qd6 42. Ka2 Rxf3 43. Qxf3 Qf4 44. Qd3 Qd6 45. Qh7 Qf6 46. Qg8 Kc7 47. Bc4 Nd6 48. Qh7+ Kb6 49. Bb3 a5 50. Qd7 Ne4 51. Qd3 Nc5 52. Qe3 h5 53. c3 Qf4 54. Qg1 Qe5 55. Bd1 Kc7 56. Bxh5 Qd5+ 57. Kb1 Qe4+ 58. Ka2 Qxa4+ 59. Kb1 Qe4+ 60. Ka2 Qe5 61. Bd1 Nd3 62. Bc2 Nf4 63. Qg3 Qf6 64. Bb3 b5 65. Qe3 Kb7 66. Qe8 a4 67. Qd7+ Kb6 68. Bg8 Ng6 69. Qe8 Kc7 70. Qa8 Ne7 71. Qa7+ Kc8 72. Qa8+ Kc7 73. Qa7+ Kd8 74. Qb6+ Kc8 75. Qa6+ Kd7 76. Qb7+ Kd6 77. Qb8+ Kd7 78. Qb7+ Kd8 79. Qb6+ Kd7 1/2-1/2

[Event "RUS-chT Blitz (Women)"]
[Site "Sochi"]
[Date "2023.10.17"]
[Round "13.7"]
[White "Zhapova, Yana"]
[Black "Getman, Tatyana"]
[Result "1-0"]
[WhiteElo "2110"]
[BlackElo "2172"]
[PlyCount "65"]
[EventDate "2023.10.17"]
[EventType "team-tourn (blitz)"]
[EventRounds "13"]
[EventCountry "RUS"]
[SourceTitle "Mega2024 Update 01"]
[Source "Chessbase"]
[SourceDate "2023.11.12"]
[SourceVersion "1"]
[SourceVersionDate "2023.11.12"]
[SourceQuality "1"]
[WhiteTeam "Novosibirsk Region (W)"]
[BlackTeam "St Petersburg SSHOR (W)"]
[WhiteTeamCountry "RUS"]
[BlackTeamCountry "RUS"]

1. e4 c5 2. Nf3 d6 3. d4 cxd4 4. Nxd4 Nf6 5. Nc3 a6 6. h3 e5 7. Nf3 Be7 8. g4 h6 9. Rg1 Nbd7 10. g5 hxg5 11. Nxg5 b5 12. a4 Nh7 13. Nxh7 Rxh7 14. axb5 Nf6 15. bxa6 Bxh3 16. Be3 Bxf1 17. Rxf1 Qc8 18. a7 Ng4 19. Bb6 Nh2 20. Rg1 Rh3 21. Rg3 Rxg3 22. fxg3 Qh3 23. Qe2 Qxg3+ 24. Bf2 Qg2 25. Qb5+ Kd8 26. Qb8+ Kd7 27. 0-0-0 Bg5+ 28. Kb1 Qxf2 29. Rxd6+ Ke7 30. Qxa8 Kxd6 31. Qd5+ Ke7 32. a8Q Bf4 33. Qad8# 1-0

[Event "RUS-ch Rapid (Women)"]
[Site "Sochi"]
[Date "2023.10.16"]
[Round "6"]
[White "Danilova, Rada"]
[Black "Getman, Tatyana"]
[Result "0-1"]
[WhiteElo "1882"]
[BlackElo "2172"]
[PlyCount "56"]
[EventDate "2023.10.15"]
[EventType "swiss (rapid)"]
[EventRounds "11"]
[EventCountry "RUS"]
[SourceTitle "Mega2024 Update 01"]
[Source "Chessbase"]
[SourceDate "2023.11.12"]
[SourceVersion "1"]
[SourceVersionDate "2023.11.12"]
[SourceQuality "1"]

1. d4 Nf6 2. c4 e6 3. Nf3 d5 4. Nc3 Bb4 5. cxd5 exd5 6. Bg5 h6 7. Bxf6 Qxf6 8. e3 0-0 9. Qb3 Bxc3+ 10. bxc3 c6 11. Ne5 Qe7 12. Be2 Nd7 13. Nxd7 Qxd7 14. 0-0 Qe7 15. a4 Bf5 16. Qb4 Qg5 17. Qxb7 Be4 18. g3 Rab8 19. Qxc6 Rb2 20. Qa6 Rfb8 21. Rae1 Rd2 22. Rd1 Ra2 23. Qxa7 Rbb2 24. Qa8+ Kh7 25. Bd3 Bxd3 26. Rxd3 Qf5 27. e4 Rxf2 28. Rf3 Rg2+ 0-1

[Event "RUS-ch Rapid (Women)"]
[Site "Sochi"]
[Date "2023.10.15"]
[Round "2"]
[White "Iudina, Veronika"]
[Black "Getman, Tatyana"]
[Result "1-0"]
[WhiteElo "1720"]
[BlackElo "2172"]
[PlyCount "65"]
[EventDate "2023.10.15"]
[EventType "swiss (rapid)"]
[EventRounds "11"]
[EventCountry "RUS"]
[SourceTitle "Mega2024 Update 01"]
[Source "Chessbase"]
[SourceDate "2023.11.12"]
[SourceVersion "1"]
[SourceVersionDate "2023.11.12"]
[SourceQuality "1"]

1. e4 c5 2. c3 e6 3. d4 d5 4. e5 Nc6 5. Nf3 Nh6 6. Bd3 cxd4 7. cxd4 Nf5 8. Bxf5 exf5 9. 0-0 Be7 10. Nc3 Be6 11. Be3 g5 12. Qb3 Rb8 13. Rac1 h5 14. Rfd1 Kf8 15. Na4 h4 16. Bxg5 Bxg5 17. Nxg5 Qxg5 18. Rxc6 h3 19. g3 Kg7 20. Rc7 Rhc8 21. Rxc8 Rxc8 22. Nc5 b6 23. Nd3 Rc4 24. Nf4 Qh6 25. Qd3 Rc8 26. Qf3 Rd8 27. Rc1 Rd7 28. Nh5+ Kg6 29. Nf4+ Kg7 30. Rc8 Qg5 31. Nh5+ Kh7 32. Nf6+ Kg7 33. Rg8+ 1-0

[Event "RUS-ch Blitz (Women)"]
[Site "Sochi"]
[Date "2023.10.14"]
[Round "9"]
[White "Getman, Tatyana"]
[Black "Badelka, Olga"]
[Result "0-1"]
[WhiteElo "2172"]
[BlackElo "2386"]
[PlyCount "148"]
[EventDate "2023.10.14"]
[EventType "swiss (blitz)"]
[EventRounds "13"]
[EventCountry "RUS"]
[SourceTitle "Mega2024 Update 01"]
[Source "Chessbase"]
[SourceDate "2023.11.12"]
[SourceVersion "1"]
[SourceVersionDate "2023.11.12"]
[SourceQuality "1"]

1. d4 Nf6 2. c4 e6 3. Nc3 d5 4. cxd5 exd5 5. Bg5 Be7 6. e3 0-0 7. Qc2 h6 8. Bh4 Re8 9. Bd3 Nbd7 10. Nge2 c6 11. 0-0 Nh5 12. Bxe7 Qxe7 13. a3 Ndf6 14. b4 Bd7 15. b5 c5 16. dxc5 Qxc5 17. Qb3 Be6 18. Nd4 Nf4 19. Rfd1 Nxd3 20. Rxd3 Rac8 21. h3 Qc4 22. Qd1 Nd7 23. Nde2 Nf6 24. Rc1 Qh4 25. Nf4 Rcd8 26. Nfxd5 Nxd5 27. Nxd5 Bf5 28. Rd4 Re4 29. Ne7+ Qxe7 30. Rxd8+ Kh7 31. Qd6 Qg5 32. Qg3 Qxd8 33. Rc7 Re7 34. Rc5 Be6 35. Qf4 Rd7 36. Qe4+ g6 37. Qe5 Rd1+ 38. Kh2 Qd6 39. Qxd6 Rxd6 40. Kg3 Kg7 41. a4 a6 42. bxa6 Rxa6 43. a5 Kf6 44. e4 Kg7 45. f4 Ba2 46. Kf3 Kf8 47. g4 Ke8 48. f5 g5 49. e5 Kd7 50. Kg3 Rc6 51. Rb5 Kc7 52. Rb2 Bd5 53. Rd2 Rc3+ 54. Kh2 Bc6 55. Rd6 Re3 56. Rxh6 Rxe5 57. Rh7 Be8 58. Rg7 Rxa5 59. Rxg5 Re5 60. h4 b5 61. h5 Re2+ 62. Kg3 Re3+ 63. Kh2 Bc6 64. h6 Re1 65. Rh5 Re8 66. h7 Rh8 67. Kg3 b4 68. g5 Be4 69. Kf4 Bc2 70. Ke3 b3 71. Rh1 Bxf5 72. Rh2 Rxh7 73. Rb2 Bc2 74. Kd4 Kd6 0-1

[Event "Sochi Pearl Rapid op"]
[Site "Sochi"]
[Date "2023.10.11"]
[Round "11"]
[White "Getman, Tatyana"]
[Black "Lysenko, Margarita"]
[Result "1-0"]
[WhiteElo "2172"]
[BlackElo "2264"]
[PlyCount "71"]
[EventDate "2023.10.09"]
[EventType "swiss (rapid)"]
[EventRounds "11"]
[EventCountry "RUS"]
[SourceTitle "Mega2024 Update 01"]
[Source "Chessbase"]
[SourceDate "2023.11.12"]
[SourceVersion "1"]
[SourceVersionDate "2023.11.12"]
[SourceQuality "1"]

1. d4 d5 2. c4 e6 3. Nc3 c5 4. cxd5 exd5 5. Nf3 Nc6 6. g3 Nf6 7. Bg2 cxd4 8. Nxd4 Bc5 9. Nb3 Bb6 10. 0-0 d4 11. Na4 0-0 12. Bg5 Re8 13. Re1 h6 14. Bxf6 Qxf6 15. Nxb6 axb6 16. Bxc6 bxc6 17. Qxd4 Qd8 18. Qc3 c5 19. Rad1 Qc7 20. Nc1 Ba6 21. Rd2 Re7 22. Red1 Rae8 23. Qf3 Bb7 24. Qf4 Qc6 25. f3 Ba6 26. e4 Bb7 27. Ne2 f5 28. Qxf5 Rf7 29. Qh5 Ref8 30. Nf4 c4 31. Rd8 Kh7 32. R1d6 Qc7 33. Qg6+ Kg8 34. Rxf8+ Rxf8 35. Ne6 Rf6 36. Nxc7 1-0

[Event "Wch U20 Girls 39th"]
[Site "Mexico City"]
[Date "2023.10.01"]
[Round "11"]
[White "Djidjeli, Sarah"]
[Black "Getman, Tatyana"]
[Result "1/2-1/2"]
[WhiteElo "2058"]
[BlackElo "2172"]
[PlyCount "87"]
[EventDate "2023.09.21"]
[EventType "swiss"]
[EventRounds "11"]
[EventCountry "MEX"]
[SourceTitle "EXT 2024"]
[Source "ChessBase"]
[SourceDate "2023.10.10"]
[SourceVersion "1"]
[SourceVersionDate "2023.10.10"]
[SourceQuality "1"]

1. e4 c5 2. Nf3 Nc6 3. Bb5 g6 4. c3 Nf6 5. Qe2 a6 6. Bxc6 bxc6 7. 0-0 Bg7 8. d3 0-0 9. h3 d6 10. Nbd2 e5 11. Nc4 h6 12. Rd1 Re8 13. b3 Be6 14. Rb1 Qe7 15. Bd2 Nh5 16. Re1 Rad8 17. a3 Qc7 18. b4 Nf4 19. Bxf4 exf4 20. Qc2 d5 21. Ncd2 Qa7 22. bxc5 Qxc5 23. d4 Qa5 24. Qc1 dxe4 25. Nxe4 Qf5 26. Ned2 c5 27. dxc5 Qxc5 28. Ne4 Qc7 29. c4 Bf5 30. Nfd2 f3 31. g4 Bxg4 32. hxg4 Qf4 33. Ng3 Qxg4 34. Rxe8+ Rxe8 35. Qd1 Re3 36. Ndf1 Re8 37. Nh2 Qxc4 38. Qxf3 h5 39. Kg2 a5 40. Qb3 Qc6+ 41. Qf3 Qc4 42. Qb3 Qc6+ 43. Qf3 Qc4 44. Qb3 1/2-1/2

[Event "Wch U20 Girls 39th"]
[Site "Mexico City"]
[Date "2023.09.28"]
[Round "8"]
[White "Getman, Tatyana"]
[Black "Yedigaryan, Asya"]
[Result "1-0"]
[WhiteElo "2172"]
[BlackElo "1786"]
[PlyCount "83"]
[EventDate "2023.09.21"]
[EventType "swiss"]
[EventRounds "11"]
[EventCountry "MEX"]
[SourceTitle "EXT 2024"]
[Source "ChessBase"]
[SourceDate "2023.10.10"]
[SourceVersion "1"]
[SourceVersionDate "2023.10.10"]
[SourceQuality "1"]

1. d4 Nf6 2. c4 e6 3. Nc3 Bb4 4. Qc2 d5 5. cxd5 exd5 6. Bf4 0-0 7. e3 c5 8. dxc5 Qa5 9. Bd3 Nbd7 10. Nge2 Nxc5 11. 0-0 Nxd3 12. Qxd3 a6 13. a3 Bxc3 14. Nxc3 Be6 15. Rfd1 Rac8 16. b4 Qb6 17. Rac1 Rc6 18. Na4 Qb5 19. Rxc6 Qxc6 20. Nc5 Ne4 21. Nb3 Rc8 22. f3 Nc3 23. Rd2 Qa4 24. Nc5 Qxa3 25. Rc2 Qa1+ 26. Kf2 b6 27. Rxc3 bxc5 28. bxc5 Qb2+ 29. Rc2 Qb1 30. Qc3 h5 31. c6 Bf5 32. Rd2 Qb5 33. c7 a5 34. Rb2 Qa6 35. Ra2 Ra8 36. Qe5 Qe6 37. Qd4 Qc6 38. Rb2 Kh7 39. Qe5 g6 40. Rb8 Bc8 41. Rxa8 Qxa8 42. Qe8 1-0

[Event "Wch U20 Girls 39th"]
[Site "Mexico City"]
[Date "2023.09.26"]
[Round "6"]
[White "Getman, Tatyana"]
[Black "Demchenko, Svitlana"]
[Result "1/2-1/2"]
[WhiteElo "2172"]
[BlackElo "2169"]
[PlyCount "81"]
[EventDate "2023.09.21"]
[EventType "swiss"]
[EventRounds "11"]
[EventCountry "MEX"]
[SourceTitle "EXT 2024"]
[Source "ChessBase"]
[SourceDate "2023.10.10"]
[SourceVersion "1"]
[SourceVersionDate "2023.10.10"]
[SourceQuality "1"]

1. d4 f5 2. Bg5 h6 3. Bh4 g5 4. e3 Nf6 5. Bg3 d6 6. h4 g4 7. Bc4 Nh5 8. Ne2 Bg7 9. Nbc3 Nc6 10. Nf4 Nxf4 11. Bxf4 e5 12. dxe5 Nxe5 13. Bb3 c6 14. Qd2 d5 15. 0-0-0 Be6 16. e4 fxe4 17. Nxe4 Qe7 18. Nc3 0-0-0 19. Qe3 Ng6 20. Bg3 b6 21. h5 Nf8 22. Ne2 Bf6 23. Rhe1 Bf5 24. Qxe7 Bxe7 25. Be5 Rh7 26. Ng3 Bg5+ 27. Kb1 Be6 28. c3 Rf7 29. Re2 Bf4 30. Bxf4 Rxf4 31. Rde1 Bd7 32. Bc2 Rf6 33. Rd2 Ne6 34. Bf5 Nf4 35. Bxd7+ Rxd7 36. Re8+ Kc7 37. Rg8 Nxg2 38. Rxg4 Rdf7 39. Ne4 dxe4 40. Rxg2 Rf5 41. Re2 1/2-1/2